| 000 -LEADER |
| fixed length control field |
00765nam a2200205 a 4500 |
| 020 ## - INTERNATIONAL STANDARD BOOK NUMBER |
| ISBN |
0889362858 (pbk.) |
| 040 ## - CATALOGING SOURCE |
| Transcribing agency |
DLC |
| 082 0# - DEWEY DECIMAL CLASSIFICATION NUMBER |
| Classification number |
633 IDR 1981 C149 Or. |
| 245 10 - TITLE STATEMENT |
| Title |
Tropical root crops : |
| Remainder of title |
research strategies for the 1980s : proceedings of the First Triennial Root Crops Symposium of the International Society for Tropical Root Crops--Africa Branch, 8-12 September 1980, Ibadan, Nigeria / |
| 260 0# - PUBLICATION, DISTRIBUTION, ETC. (IMPRINT) |
| Place of publication |
Ottawa : |
| Name of publisher |
International Development Research Centre, |
| Year of publication |
c1981 |
| 300 ## - PHYSICAL DESCRIPTION |
| Number of Pages |
279 p. : |
| Other physical details |
ill. ; |
| Dimensions |
25 cm |
| 500 ## - GENERAL NOTE |
| General note |
"IDRC-163e." |
| 650 #0 - SUBJECT ADDED ENTRY--TOPICAL TERM |
| Topical Term |
Root crops |
| 650 #0 - SUBJECT ADDED ENTRY--TOPICAL TERM |
| Topical Term |
Tropical crops |
| 700 10 - ADDED ENTRY--PERSONAL NAME |
| Personal name |
Terry, E. R |
| 700 10 - ADDED ENTRY--PERSONAL NAME |
| Personal name |
Oduro, K. A |
| 700 10 - ADDED ENTRY--PERSONAL NAME |
| Personal name |
Caveness, Fields E |
| 710 20 - ADDED ENTRY--CORPORATE NAME |
| Corporate name or jurisdiction name as entry element |
International Society for Tropical Root Crops. |
| 942 ## - ADDED ENTRY ELEMENTS (KOHA) |
| Koha item type |
ADB |
| 952 ## - LOCATION AND ITEM INFORMATION (KOHA) |
| Withdrawn status [LOCAL, KOHA] |
0 |